000 00608nam a2200229Ia 4500
003 OSt
005 20221007081028.0
006 a|||||r|||| 00| 0
007 ta
008 221006b |||||||| |||| 00| 0 eng d
024 _a27,988
037 _cTextual
040 _aFLL
_cFLL
_beng
041 _2eng
_aeng
082 _aZ73:3k, L0.3
100 _aMcBride John Cosgrove
_9693115
245 0 _aGovernment contracts
260 _aNew York
_bMatthew Bender New
_c1971
300 _a27-163p
_ccm.
942 _hZ73:3k, L0.3
_cTEXL
_2CC
999 _c1161725
_d1161725